000 00255nam a22001097a 4500
040 _cSK
082 _a530
100 _aក្រសួងអប់រំ
245 _aរូបវិទ្យា
260 _aPhnom Penh
_bអប់រំ
_c2001
942 _cKB
999 _c8478
_d8478